000
00280nam a22000857a 4500
008
160912b xxu||||| |||| 00| 0 eng d
100
_9
378
_a
Verma, N
245
_a
Together With Hands-on Grammar English Work Book - 5 (Teacher's Copy)
260
_a
New Delhi
_b
Rachna Sagar publication
_c
2008
999
_c
3037
_d
3037